Peso - A$AP Rocky (Full lyrics) - Statistics

General Stats
  • This quiz has been taken 34 times
  • The average score is 227 of 342
Answer Stats
Lyrics % Correct
a
100%
A,
100%
B,
95%
E,
95%
G
95%
I
95%
that
95%
we
95%
be
91%
bitch
91%
bitch,
91%
F,
91%
I'm
91%
is
91%
the
91%
nigga,
86%
this
86%
This
86%
Harlem
82%
it
82%
mothafucka,
82%
pretty
82%
to
82%
told
82%
as
77%
'Cause
77%
her
77%
in
77%
my
77%
on
77%
way
77%
Yo,
77%
yo,
77%
you
77%
and
73%
day
73%
don't
73%
every
73%
hot,
73%
hot
73%
just
73%
neck
73%
pesos
73%
what
73%
Import,
68%
me
68%
reppin'
68%
show
68%
Tell
68%
agree
64%
A.S.A.P.,
64%
cocaine,
64%
C's,
64%
gon'
64%
got
64%
pull
64%
Pull
64%
second
64%
so
64%
So
64%
up
64%
up,
64%
connected
59%
degrees
59%
for
59%
give
59%
make
59%
roll
59%
She
59%
think
59%
well
59%
With
59%
with
59%
your
59%
bad
55%
bitches
55%
But
55%
disrespected
55%
double
55%
D's
55%
get
55%
Harlem's
55%
impressive
55%
niggas
55%
really
55%
these
55%
chill
50%
export,
50%
goes,
50%
hard-
50%
how
50%
if
50%
important
50%
imported,
50%
man,
50%
Never
50%
now
50%
plus
50%
President
50%
said
50%
showing
50%
sleeve
50%
when
50%
breathe
45%
can
45%
chest,
45%
coke
45%
Couple
45%
exhale,
45%
feel
45%
feel,
45%
his
45%
Inhale,
45%
necklace
45%
need
45%
of
45%
off
45%
Popping
45%
rest
45%
Stevie
45%
Them
45%
them
45%
top,
45%
all
41%
bitchin',
41%
keys
41%
quit
41%
Quit
41%
rolling
41%
X
41%
7
36%
Benzes,
36%
blessing
36%
blunts
36%
catching
36%
our
36%
present,
36%
smoking
36%
Swagger
36%
direction
32%
kick
32%
Later
32%
pills
32%
sections
32%
still
32%
ain't
27%
boobies
27%
clique
27%
doobies
27%
dressed
27%
fronting,
27%
hold
27%
impressed
27%
Owens
27%
Rick
27%
school
27%
freshest
23%
knocks,
23%
mami,
23%
nothing
23%
presence
23%
rec
23%
Simons,
23%
usually
23%
Groupies
18%
'round
18%
rush
18%
they
18%
6's,
14%
gets
14%
Raf
14%
Blowing
9%
Graduate
5%
No matching quizzes found
Score Distribution
Percent of People with Each Score
Percentile by Number Answered
Your Score History
You have not taken this quiz